000 00826nam a2200229 a 4500
999 _c10992
_d10992
001 10992
003 BD-JhCC
005 20200326134008.0
008 190617s2012 bg |||| |||| 000 0 ben d
020 _a9847009601651
035 _a(BD-JhCC)10992
040 _aBD-JhCC
_dBD-JhCC
041 _aben
082 _a813.52
_bLON 2012
100 _aলন্ডন, জ্যাক
245 _aজ্যাক লন্ডনের শ্রেষ্ঠ কিশোর উপন্যাস /
_cজ্যাক লন্ডন, অনু. জুলফিকার নিউটন
260 _aঢাকা :
_bতাম্রলিপি,
_c২০১২.
300 _a৩৯৯ পৃ. :
_c২০ সেমি.
650 _aNovel
_zAmerican
700 _aনিউটন, জুলফিকার
942 _2ddc
_cBK
_02